Odes et épodes / (Record no. 155585)
[ view plain ]
| 000 -LEADER | |
|---|---|
| campo de control de longitud fija | 01142nam a2200241 i 4500 |
| 001 - NÚMERO DE CONTROL | |
| campo de control | 155585 |
| 003 - IDENTIFICADOR DE NÚMERO DE CONTROL | |
| campo de control | ES-MaACL |
| 005 - FECHA Y HORA DE LA ÚLTIMA TRANSACCIÓN | |
| campo de control | 20230906210131.0 |
| 008 - DATOS DE LONGITUD FIJA--INFORMACIÓN GENERAL | |
| campo de control de longitud fija | 040723q18801910fr |||| | fre d |
| 040 ## - FUENTE DE CATALOGACIÓN | |
| Centro catalogador/agencia de origen | CAM |
| Lengua de catalogación | spa |
| Centro/agencia transcriptor | CAM |
| 100 1# - ENTRADA PRINCIPAL--NOMBRE DE PERSONA | |
| Nombre de persona | Horacio Flaco, Quinto. |
| 9 (RLIN) | 64182 |
| 245 10 - MENCIÓN DEL TÍTULO | |
| Título | Odes et épodes / |
| Mención de responsabilidad, etc. | Horace; [cet ouvrage a été expliqué littéralment par E. Sommer; traduit en français et annoté par A. Desportes]. |
| 260 ## - PUBLICACIÓN, DISTRIBUCIÓN, ETC. | |
| Lugar de publicación, distribución, etc. | Paris : |
| Nombre del editor, distribuidor, etc. | Librairie Hachette, |
| Fecha de publicación, distribución, etc. | [s.a.] |
| 300 ## - DESCRIPCIÓN FÍSICA | |
| Extensión | 2 v. ; |
| Dimensiones | 19 cm. |
| 490 1# - MENCIÓN DE SERIE | |
| Mención de serie | Les autheurs latins expliques par deux traductions françaises ... /par une société de professeurs et de latinistes |
| 594 ## - Nota al título y mención de responsabilidad | |
| Nota al título y mención de responsabilidad | Mención de resp. tomada de verso de la antep. |
| 596 ## - NOTA AL PIE DE IMPRENTA | |
| NOTA AL PIE DE IMPRENTA | Probablemente impreso a finales del siglo XIX o comienzos del XX. |
| 700 0# - ENTRADA AGREGADA--NOMBRE PERSONAL | |
| Nombre de persona | Sommer, Edouard. |
| 9 (RLIN) | 107269 |
| 700 1# - ENTRADA AGREGADA--NOMBRE PERSONAL | |
| Nombre de persona | Desportes, Auguste. |
| 9 (RLIN) | 126774 |
| 830 0# - PUNTO DE ACCESO ADICIONAL DE SERIE-TÍTULO UNIFORME | |
| Título uniforme | Les autheurs latins expliques par deux traductions françaises ... /par une société de professeurs et de latinistes |
| 9 (RLIN) | 221579 |
| 852 ## - LOCALIZACIÓN | |
| Ubicación | ES-MaACL |
| Número de control de estantería | E-3712 |
| Nota libre | -- Enc. hol. |
| condición física | -- Sólo t.I (Premier et deuxieme libre des Odes, 206 p.) |
| Estatus retirado | Estado de pérdida | Estado de daño | No para préstamo | Biblioteca de origen | Biblioteca actual | Ubicación en estantería | Fecha de adquisición | Fuente de adquisición | Total de préstamos | Signatura topográfica completa | Código de barras | Visto por última vez | Precio de reemplazo | Tipo de ítem Koha |
|---|---|---|---|---|---|---|---|---|---|---|---|---|---|---|
| Biblioteca del Ateneo de Madrid | Biblioteca del Ateneo de Madrid | Depósito 2 | 17/01/2008 | E-3712 | 1162744 | 23/02/2023 | 23/02/2023 | Libro impreso |
